banner-ar

STAGE LIGHTING: STEP - BY - STEP: THE COMPLETE GUIDE ON SETTING THE STAGE WITH LIGHT TO GET DRAMATION RESULTS / (Record no. 15734)

MARC details
000 -الفاتح
حقل البيانات ثابتة الطول 00569nam a2200193Ia 4500
008 - عناصر البيانات ثابتة الطول - معلومات عامة
حقل البيانات ثابتة الطول 140319s9999 xx 000 0 eng d
040 ## - مصدر الفهرسة
وكالة الفهرسة الأصلية GCL /
وكالة النسخ GCL
082 04 - رقم تصنيف ديوى العشرى
رقم التصنيف 792.025
رقم المادة W S
100 1# - المدخل الرئيسى - إسم شخصى
الإسم الشخصى WALTERS, GRAHAM
245 10 - بيان العنوان
العنوان STAGE LIGHTING: STEP - BY - STEP: THE COMPLETE GUIDE ON SETTING THE STAGE WITH LIGHT TO GET DRAMATION RESULTS /
بيان المسئوليه,etc WALTERS, GRAHAM
260 ## - PUBLICATION, DISTRIBUTION, ETC. (IMPRINT)
تاريخ النشر أو التوزيع 1997
300 ## - الوصف المادى
التعداد 144 P
650 04 - المدخل الاضافى بالموضوع-مصطلح موضوعى
مصطلح موضوعي ARTS
650 04 - المدخل الاضافى بالموضوع-مصطلح موضوعى
مصطلح موضوعي STAGE LIGHTING
650 04 - المدخل الاضافى بالموضوع-مصطلح موضوعى
مصطلح موضوعي STAGE PRESENTATIONS
650 04 - المدخل الاضافى بالموضوع-مصطلح موضوعى
مصطلح موضوعي SETTING
942 ## - عناصر المدخل الإضافي( كوها)
مصدر التصنيف او مخطط الترفيف Dewey Decimal Classification
Koha [default] item type كتاب
260 ## - PUBLICATION, DISTRIBUTION, ETC. (IMPRINT)
-- [S.N] :
-- BETTERWAY BOOKS ،
Holdings
حالة التراجع حالة الفقد حالة تلف ليس للاعارة المكان المؤقت الموقع الحالى تاريخ الاكتساب اجمالي اﻻعارات رقم الطلب الباركود تاريخ اخر مشاهدة تاريخ تفعيل السعر نوع وعاء كوها
        مكتبة القاهرة الكبرى مكتبة القاهرة الكبرى 03/26/2014   792.025\W S 28994 03/26/2014 03/26/2014 كتاب

Powered By

EGPV